000 00249 a2200085 4500
020 _a9783038603153
100 _aSteve Lawrence and Benjamin Stæhli
245 _aMontessori Architecture: A Design Instrument for Schools
260 _b‎ Park Books
_c2023
999 _c13275
_d13275